Availability of education to Negroes in rural communities / (Record no. 21452)

MARC details
000 -LEADER
fixed length control field 00930cam a22002291 4500
001 - CONTROL NUMBER
control field e 36000002
003 - CONTROL NUMBER IDENTIFIER
control field DLC
005 - DATE AND TIME OF LATEST TRANSACTION
control field 20260227111225.0
008 - FIXED-LENGTH DATA ELEMENTS--GENERAL INFORMATION
fixed length control field 771220s1936 dcu 000 0 eng
010 ## - LIBRARY OF CONGRESS CONTROL NUMBER
LC control number e 36000002
035 ## - SYSTEM CONTROL NUMBER
System control number (OCoLC)3503270
040 ## - CATALOGING SOURCE
Original cataloging agency DLC
Transcribing agency PKuS
Modifying agency DLC
050 00 - LIBRARY OF CONGRESS CALL NUMBER
Classification number LC2801
Item number .C27
100 1# - MAIN ENTRY--PERSONAL NAME
Personal name Caliver, Ambrose,
Dates associated with a name 1894-1962.
245 10 - TITLE STATEMENT
Title Availability of education to Negroes in rural communities /
Statement of responsibility, etc. by Ambrose Caliver, senior specialist in the education of negroes, Office of Education.
260 ## - PUBLICATION, DISTRIBUTION, ETC.
Place of publication, distribution, etc. Washington :
Name of publisher, distributor, etc. U.S. Govt. Print. Off.,
Date of publication, distribution, etc. 1936.
300 ## - PHYSICAL DESCRIPTION
Extent iv, 86 p. :
Other physical details tables ;
Dimensions 23 cm.
490 0# - SERIES STATEMENT
Series statement U.S. Office of Education. Bulletin 1935,
Volume/sequential designation no. 12
500 ## - GENERAL NOTE
General note At head of title: United States Department of the Interior, Harold L. Ickes, secretary. Office of Education, J.W. Studebaker, commissioner.
650 #0 - SUBJECT ADDED ENTRY--TOPICAL TERM
Topical term or geographic name entry element African Americans
General subdivision Education.
740 0# - ADDED ENTRY--UNCONTROLLED RELATED/ANALYTICAL TITLE
Uncontrolled related/analytical title Negroes in rural communities.

No items available.

Powered by Koha